<?xml version="1.0" encoding="UTF-8"?>
<record
    xmlns:xsi="http://www.w3.org/2001/XMLSchema-instance"
    xsi:schemaLocation="http://www.loc.gov/MARC21/slim http://www.loc.gov/standards/marcxml/schema/MARC21slim.xsd"
    xmlns="http://www.loc.gov/MARC21/slim">

  <leader>02267nam a2200481 a 4500</leader>
  <controlfield tag="008">180504e2016    ag  |||fr|||| 001 0 spa d</controlfield>
  <datafield tag="020" ind1=" " ind2=" ">
    <subfield code="a">9789874073167</subfield>
  </datafield>
  <datafield tag="041" ind1=" " ind2=" ">
    <subfield code="a">spa</subfield>
  </datafield>
  <datafield tag="092" ind1=" " ind2=" ">
    <subfield code="c">610.73</subfield>
    <subfield code="l">13</subfield>
    <subfield code="s">COR</subfield>
  </datafield>
  <datafield tag="100" ind1="1" ind2=" ">
    <subfield code="a">Correa Rojas, Mar&#xED;a del Valle.</subfield>
    <subfield code="e">Comp.</subfield>
    <subfield code="9">3887</subfield>
  </datafield>
  <datafield tag="245" ind1=" " ind2=" ">
    <subfield code="a">Calidad de vida y la b&#xFA;squeda de una universidad saludable /</subfield>
    <subfield code="c">Mar&#xED;a del Valle Correa Rojas</subfield>
  </datafield>
  <datafield tag="250" ind1=" " ind2=" ">
    <subfield code="a">1a ed.</subfield>
  </datafield>
  <datafield tag="260" ind1=" " ind2=" ">
    <subfield code="a">Salta:</subfield>
    <subfield code="b">Editorial Hanne;</subfield>
    <subfield code="c">2016.</subfield>
  </datafield>
  <datafield tag="300" ind1=" " ind2=" ">
    <subfield code="a">156 p.</subfield>
    <subfield code="c">20x14cm</subfield>
  </datafield>
  <datafield tag="500" ind1=" " ind2=" ">
    <subfield code="a">Correa Rojas, M. del V. (2016). Calidad de vida y la b&#xFA;squeda de una universidad saludable. (1a ed.). Salta : Editorial Hanne.</subfield>
  </datafield>
  <datafield tag="590" ind1=" " ind2=" ">
    <subfield code="a">Donaci&#xF2;n de la Universidad Nacional de Salta, Facultad de Ciencias de la Salud, mayo 2018.</subfield>
  </datafield>
  <datafield tag="653" ind1=" " ind2=" ">
    <subfield code="a">Calidad de vida: la Universidad saludable.</subfield>
  </datafield>
  <datafield tag="653" ind1=" " ind2=" ">
    <subfield code="a">Calidad de vida: el estudiante universitario.</subfield>
  </datafield>
  <datafield tag="653" ind1=" " ind2=" ">
    <subfield code="a">Calidad de vida : Determinates sociales en los estudiantes universitarios.</subfield>
  </datafield>
  <datafield tag="653" ind1=" " ind2=" ">
    <subfield code="a">Autopercepci&#xF2;n de salud, actividad f&#xEC;sica, tiempo libre y alimentaci&#xF2;n en estudiantes universitarios.</subfield>
  </datafield>
  <datafield tag="653" ind1=" " ind2=" ">
    <subfield code="a">Factores condicionantes de la salud,  en los estudiantes universitarios.</subfield>
  </datafield>
  <datafield tag="653" ind1=" " ind2=" ">
    <subfield code="a">Riesgo cardiovascular en ingresantes universitarios.</subfield>
  </datafield>
  <datafield tag="653" ind1=" " ind2=" ">
    <subfield code="a">Determinates psicol&#xF2;gicos en la postmodernidad que inciden en la calidad de vida de estudiantes universitarios.</subfield>
  </datafield>
  <datafield tag="653" ind1=" " ind2=" ">
    <subfield code="a">Calidad de vida: los docentes universitarios.</subfield>
  </datafield>
  <datafield tag="653" ind1=" " ind2=" ">
    <subfield code="a">Calidad de vida: personal de apoyo universitario (PAU)</subfield>
  </datafield>
  <datafield tag="653" ind1=" " ind2=" ">
    <subfield code="a">Calidad de vida: la radio como recurso facilitador.</subfield>
  </datafield>
  <datafield tag="653" ind1=" " ind2=" ">
    <subfield code="a">La calidad de vida a trav&#xE8;s del coaching ontol&#xF2;gico</subfield>
  </datafield>
  <datafield tag="653" ind1=" " ind2=" ">
    <subfield code="a">Calidad de vida : promoviendo la salud.</subfield>
  </datafield>
  <datafield tag="653" ind1=" " ind2=" ">
    <subfield code="a">Calidad de vida y Terapias Creativas- La m&#xF9;sica y la danza.</subfield>
  </datafield>
  <datafield tag="700" ind1="1" ind2=" ">
    <subfield code="a">Escalada, Luis.</subfield>
    <subfield code="9">3888</subfield>
  </datafield>
  <datafield tag="700" ind1="1" ind2=" ">
    <subfield code="a">Abdenur, Miriam Elizabeth.</subfield>
    <subfield code="9">3889</subfield>
  </datafield>
  <datafield tag="700" ind1="1" ind2=" ">
    <subfield code="a">Burgos, Mirta Josefina.</subfield>
    <subfield code="9">3890</subfield>
  </datafield>
  <datafield tag="700" ind1="1" ind2=" ">
    <subfield code="a">Cha&#xF1;i, Laura Bel&#xE9;n.</subfield>
    <subfield code="9">3891</subfield>
  </datafield>
  <datafield tag="700" ind1="1" ind2=" ">
    <subfield code="a">Goyechea, Julieta.</subfield>
    <subfield code="9">3892</subfield>
  </datafield>
  <datafield tag="700" ind1="1" ind2=" ">
    <subfield code="a">Herrera, Mar&#xED;a del Carmen.</subfield>
    <subfield code="9">3893</subfield>
  </datafield>
  <datafield tag="700" ind1="1" ind2=" ">
    <subfield code="a">Poderti, Ver&#xF3;nica.</subfield>
    <subfield code="9">3894</subfield>
  </datafield>
  <datafield tag="700" ind1="1" ind2=" ">
    <subfield code="a">M&#xE1;rquez, Romina.</subfield>
    <subfield code="9">3895</subfield>
  </datafield>
  <datafield tag="700" ind1="1" ind2=" ">
    <subfield code="a">M&#xE9;ndez, Viviana.</subfield>
    <subfield code="9">3896</subfield>
  </datafield>
  <datafield tag="700" ind1="1" ind2=" ">
    <subfield code="a">Morales, Sonia.</subfield>
    <subfield code="9">3897</subfield>
  </datafield>
  <datafield tag="700" ind1="1" ind2=" ">
    <subfield code="a">Tejerina, Jos&#xE9;.</subfield>
    <subfield code="9">3898</subfield>
  </datafield>
  <datafield tag="700" ind1="1" ind2=" ">
    <subfield code="a">Yapura, Soledad.</subfield>
    <subfield code="9">3899</subfield>
  </datafield>
  <datafield tag="942" ind1=" " ind2=" ">
    <subfield code="2">ddc</subfield>
    <subfield code="c">BK</subfield>
  </datafield>
  <datafield tag="999" ind1=" " ind2=" ">
    <subfield code="c">2716</subfield>
    <subfield code="d">2716</subfield>
  </datafield>
  <datafield tag="952" ind1=" " ind2=" ">
    <subfield code="0">0</subfield>
    <subfield code="1">0</subfield>
    <subfield code="2">ddc</subfield>
    <subfield code="4">0</subfield>
    <subfield code="7">0</subfield>
    <subfield code="a">BFM</subfield>
    <subfield code="b">BFM</subfield>
    <subfield code="c">CR</subfield>
    <subfield code="d">2018-05-04</subfield>
    <subfield code="e">Donaci&#xF2;n de la Universidad Nacional de Salta</subfield>
    <subfield code="l">0</subfield>
    <subfield code="o">610.73 13 COR</subfield>
    <subfield code="p">4230</subfield>
    <subfield code="r">2018-05-04</subfield>
    <subfield code="t">Ej.1</subfield>
    <subfield code="w">2018-05-04</subfield>
    <subfield code="y">BK</subfield>
    <subfield code="z">Donaci&#xF2;n de la Universidad de Salta, Facultad de Ciencias M&#xE8;dicas, mayo 2018.</subfield>
  </datafield>
</record>
